Tratamiento fiscal del leasing (Registro nro. 841)

Detalles MARC
000 -LEADER
fixed length control field 01128 a2200241 4500
001 - CONTROL NUMBER
control field 21674
005 - DATE AND TIME OF LATEST TRANSACTION
control field 20260407155507.0
008 - FIXED-LENGTH DATA ELEMENTS--GENERAL INFORMATION
fixed length control field 260407a2006 arg spa d
003 - CONTROL NUMBER IDENTIFIER
control field AR-UNSa-BCEJYS
040 ## - CATALOGING SOURCE
Original cataloging agency AR-UNSa-BCEJYS
Language of cataloging spa
Transcribing agency AR-UNSa-BCEJYS
080 ## - UNIVERSAL DECIMAL CLASSIFICATION NUMBER
Universal Decimal Classification number 347.74
Common auxiliary subdivision Contratos mercantiles (comerciales...leasing))
020 ## - INTERNATIONAL STANDARD BOOK NUMBER
International Standard Book Number 987-1087-62-4
100 1# - MAIN ENTRY--PERSONAL NAME
Personal name Stok, Leandro
245 10 - TITLE STATEMENT
Title Tratamiento fiscal del leasing
Name of part/section of a work leasing inmobiliario, leasing de automóviles, operaciones de locación y compraventa, operaciones financieras, sale & lease back
264 #1 - PRODUCTION, PUBLICATION, DISTRIBUTION, MANUFACTURE, AND COPYRIGHT NOTICE
Place of production, publication, distribution, manufacture Rosario :
Name of producer, publisher, distributor, manufacturer Nova Tesis
Date of production, publication, distribution, manufacture, or copyright notice 2006
300 ## - PHYSICAL DESCRIPTION
Extent 110 p.
Dimensions 23 cm.
505 ## - FORMATTED CONTENTS NOTE
Formatted contents note 1. Aspectos impositivos de la ley 25.248 - 2.Aspectos reglamentarios decreto 1038/00 - 3. Operaciones financieras - 4. Tratamiento del IVA - 5. Régimen del financiamiento del IVA - 6. Sale & lease back - 7. Regímenes de retención.
590 ## - LOCAL NOTE (RLIN)
Local note niveau_biblio:m niveau_hierar:0
700 1# - ADDED ENTRY--PERSONAL NAME
Personal name Reynoso, Julio C.
700 1# - ADDED ENTRY--PERSONAL NAME
Personal name Salvo, Mario A.
856 41 - ELECTRONIC LOCATION AND ACCESS
Uniform Resource Identifier <a href="https://biblioeco.unsa.edu.ar/pmb/images/libros/Tratamiento Fiscal del Leasing.jpg">https://biblioeco.unsa.edu.ar/pmb/images/libros/Tratamiento Fiscal del Leasing.jpg</a>
Link text Imagen de portada
Electronic format type image/jpeg
942 ## - ADDED ENTRY ELEMENTS (KOHA)
Koha item type
Existencias
Withdrawn status Lost status Damaged status Not for loan Home library Current library Shelving location Date acquired Total checkouts Full call number Barcode Date last seen Price effective from Koha item type
        Biblioteca Prof. Eusebio Cleto del Rey Biblioteca Prof. Eusebio Cleto del Rey   07/04/2026   P347.77 S874 L119513 07/04/2026 07/04/2026 Libro